Normal view
MARC view
Entry Personal Name
001 - CONTROL NUMBER
- control field: 24729
003 - CONTROL NUMBER IDENTIFIER
- control field: dpl
005 - DATE AND TIME OF LATEST TRANSACTION
- control field: 20101213102801.0
008 - FIXED-LENGTH DATA ELEMENTS
- fixed length control field: 101213|||a|||||| | ||| d
040 ## - CATALOGING SOURCE
- Original cataloging agency: dpl
- Transcribing agency: dpl
100 ## - HEADING--PERSONAL NAME
- Personal name: Rathakrishnan,Ethirajan
670 ## - SOURCE DATA FOUND
- Source citation: Work cat.: (dpl): Rathakrishnan,Ethirajan, Gas dynamics /, 2010
670 ## - SOURCE DATA FOUND
- Source citation: Work cat.: (dpl): Rathakrishnan,Ethirajan, Gas dynamics /, 2010
